Financial statement analysis : (Record no. 344873)

000 -LEADER
fixed length control field 01325 a2200229 4500
020 ## - INTERNATIONAL STANDARD BOOK NUMBER
International Standard Book Number 0256102236
020 ## - INTERNATIONAL STANDARD BOOK NUMBER
International Standard Book Number 9780256102239
082 04 - DEWEY DECIMAL CLASSIFICATION NUMBER
Classification number 657.3
090 ## - LOCALLY ASSIGNED LC-TYPE CALL NUMBER (OCLC); LOCAL CALL NUMBER (RLIN)
-- 2375
-- 2375
100 1# - MAIN ENTRY--PERSONAL NAME
Personal name Bernstein, Leopold A.
245 10 - TITLE STATEMENT
Title Financial statement analysis :
Remainder of title theory, application, and interpretation /
Statement of responsibility, etc. Leopold A. Bernstein.
250 ## - EDITION STATEMENT
Edition statement 5th ed.
260 ## - PUBLICATION, DISTRIBUTION, ETC.
Place of publication, distribution, etc. [S.l.] :
Name of publisher, distributor, etc. Richard D Irwin,
Date of publication, distribution, etc. 1992.
300 ## - PHYSICAL DESCRIPTION
Extent 1075 p. ;
Dimensions 24 cm.
490 1# - SERIES STATEMENT
Series statement The irwin series in undergraduate accounting.
500 ## - GENERAL NOTE
General note Hardcover.
520 ## - SUMMARY, ETC.
Summary, etc. The sixth edition of FINANCIAL STATEMENT ANALYSIS has been completely revised by new co-author John Wild. The three goals of this revision are: 1. Make financial statement analysis relevant to students; 2. Encourage students to think in an evaluative manner; 3. Make the material accessible and interesting to students. The text has been streamlined from twenty-three chapters to a very manageable thirteen chapters. The new design highlights the currency, enhanced pedagogy, and accessibility for students.
830 #4 - SERIES ADDED ENTRY--UNIFORM TITLE
Uniform title The irwin series in undergraduate accounting.
856 40 - ELECTRONIC LOCATION AND ACCESS
Materials specified Amazon.com
Uniform Resource Identifier <a href="http://www.amazon.com/exec/obidos/ASIN/0256102236/chopaconline-20">http://www.amazon.com/exec/obidos/ASIN/0256102236/chopaconline-20</a>
856 40 - ELECTRONIC LOCATION AND ACCESS
Materials specified Amazon customer reviews
Uniform Resource Identifier <a href="http://www.chopac.org/cgi-bin/tools/azrev.pl?q=0256102236">http://www.chopac.org/cgi-bin/tools/azrev.pl?q=0256102236</a>
942 ## - ADDED ENTRY ELEMENTS (KOHA)
Institution code [OBSOLETE] NBS
Koha item type Book
Call number prefix 657.3 BER
Holdings
Withdrawn status Lost status Damaged status Not for loan Permanent Location Current Location Date acquired Total Checkouts Full call number Barcode Date last seen Date last checked out Price effective from Koha item type
        Central Library (CL) Central Library (CL) 08/28/2013 1 657.3 BER NBS3564 06/17/2015 05/07/2015 08/28/2013 Book
© 2023 Central Library, National University of Sciences and Technology. All Rights Reserved.